Сущности мужского рода - Армагеддон - Statistics

General Stats
  • This quiz has been taken 37 times
  • The average score is 5 of 15
Answers on the Grid
Answers color-coded by a green-red scale on the quiz's grid according to % correct below.
Суфле
Апероль
Ферзь
Табель
Ридикюль
Монокль
Панно
Рантье
Кофе
Парфе
Циркуль
Надфиль
Галифе
Пюре
Эмансипе
Шрапнель
Жалюзи
Пресс-папье
Ворвань
Дактиль
Фалафель
Тюль
Шпатель
Портфель
Ниппель
Пенсне
Монпансье
Тушь
Пастель
Шампунь
 
Answer Stats
Answer % Correct
Ферзь
65%
Кофе
48%
Портфель
48%
Шампунь
43%
Циркуль
39%
Монокль
35%
Тюль
35%
Шпатель
35%
Апероль
30%
Ниппель
30%
Ридикюль
26%
Фалафель
26%
Дактиль
17%
Рантье
13%
Надфиль
4%
No matching quizzes found
Score Distribution
Percent of People with Each Score
Percentile by Number Answered
Your Score History
You have not taken this quiz